Dầu mỏ

Guardat en:
Dades bibliogràfiques
Autor principal: Dalemont, Étienne
Format: Llibre
Idioma:Vietnamese
Publicat: Khoa học và kỹ thuật 1994
Etiquetes: Afegir etiqueta
Sense etiquetes, Sigues el primer a etiquetar aquest registre!
Thư viện lưu trữ: Mạng thư viện Đại học Đà Nẵng
LEADER 00681nam a2200265 4500
001 000021983
003 18431
005 20150424100451.0
008 150424s1994 viesd
020 |c 00 
041 0 |a vie 
082 1 4 |a 665,5  |b DA-E 
100 1 |a Dalemont, Étienne 
245 1 0 |a Dầu mỏ  |c Étienne Dalemont, Jean Carrié ; Trương Cam Bảo dịch 
246 |a Le Pétrole 
260 |b Khoa học và kỹ thuật  |c 1994 
300 |a tr.  |c cm. 
OWN |a LSP 
999 |a From the UDN01 
TYP |a Monograph 
TYP |a Printed language 
980 |a Mạng thư viện Đại học Đà Nẵng